Declaración sobre la actitud de la Iglesia hacia las religiones no cristianas / (Record no. 114893)

MARC details
000 -LEADER
campo de control de longitud fija 01042nam a2200301 i 4500
001 - NÚMERO DE CONTROL
campo de control 114893
003 - IDENTIFICADOR DE NÚMERO DE CONTROL
campo de control ES-MaACL
005 - FECHA Y HORA DE LA ÚLTIMA TRANSACCIÓN
campo de control 20250831075748.0
007 - CAMPO FIJO DE DESCRIPCIÓN FÍSICA--INFORMACIÓN GENERAL
campo de control de longitud fija t|
008 - DATOS DE LONGITUD FIJA--INFORMACIÓN GENERAL
campo de control de longitud fija 070208s1966 sp ||||1| spa d
080 ## - NÚMERO DE LA CLASIFICACIÓN DECIMAL UNIVERSAL
Número de la Clasificación Decimal Universal 282:29]:262.5 Vat. II
111 2# - ENTRADA PRINCIPAL--NOMBRE DE CONGRESO/REUNIÓN
Nombre de congreso/reunión o jurisdicción como elemento de entrada Concilio Vaticano (
Número del congreso/reunión o número de parte o sección 2º.
Fecha del congreso o de la firma del tratado 1962-1965)
9 (RLIN) 122
240 10 - TÍTULO UNIFORME
Título uniforme Nostra aetate
245 10 - MENCIÓN DEL TÍTULO
Título Declaración sobre la actitud de la Iglesia hacia las religiones no cristianas /
Mención de responsabilidad, etc. introducción, Tommaso Federici.
250 ## - MENCION DE EDICION
Mención de edición 1ª ed.
260 ## - PUBLICACIÓN, DISTRIBUCIÓN, ETC.
Lugar de publicación, distribución, etc. Barcelona :
Nombre del editor, distribuidor, etc. Estela,
Fecha de publicación, distribución, etc. 1966.
300 ## - DESCRIPCIÓN FÍSICA
Extensión 44 p. ;
Dimensiones 20 cm.
490 1# - MENCIÓN DE SERIE
Mención de serie Documentos del Concilio Vaticano II
490 1# - MENCIÓN DE SERIE
Mención de serie Colección Mens Petri ;
Designación de volumen o secuencia 12
546 ## - NOTA DE IDIOMA
Nota de lengua/lenguaje Texto en español y latín.
610 24 - PUNTO DE ACCESO ADICIONAL DE MATERIA--NOMBRE DE ENTIDAD CORPORATIVA
Nombre de entidad corporativa o nombre de jurisdicción como elemento de entrada Iglesia Católica
9 (RLIN) 4639
650 #7 - PUNTO DE ACCESO ADICIONAL DE MATERIA--TÉRMINO DE MATERIA
Término de materia o nombre geográfico como elemento de entrada Iglesia Católica y otras religiones
Fuente del encabezamiento o término embne
9 (RLIN) 156546
700 1# - ENTRADA AGREGADA--NOMBRE PERSONAL
Nombre de persona Federici, Tommaso.
9 (RLIN) 49065
830 0# - PUNTO DE ACCESO ADICIONAL DE SERIE-TÍTULO UNIFORME
Título uniforme Documentos del Concilio Vaticano II
9 (RLIN) 185802
830 0# - PUNTO DE ACCESO ADICIONAL DE SERIE-TÍTULO UNIFORME
Título uniforme Colección Mens Petri ;
Designación de volumen o secuencia 12
9 (RLIN) 185803
852 ## - LOCALIZACIÓN
Ubicación ES-MaACL
Número de control de estantería C-56633
Holdings
Estatus retirado Estado de pérdida Estado de daño No para préstamo Biblioteca de origen Biblioteca actual Ubicación en estantería Fecha de adquisición Fuente de adquisición Total de préstamos Signatura topográfica completa Código de barras Visto por última vez Precio de reemplazo Tipo de ítem Koha
        Biblioteca del Ateneo de Madrid Biblioteca del Ateneo de Madrid Depósito 2 17/01/2008     C-56633 1119810 23/02/2023 23/02/2023 Libro impreso